| 000 | 00604nam a2200205 a 4500 | ||
|---|---|---|---|
| 001 | 000021282 | ||
| 005 | 20200930011303.0 | ||
| 008 | 100903s1981 sp a 000 0 spa d | ||
| 020 | _a8474940354 | ||
| 040 |
_aDO-SdBNP _bspa _cBNPHU |
||
| 082 |
_a796.8152 _bL864a |
||
| 100 | 1 |
_aLópez Dominguez, Mario. _944469 |
|
| 245 | 1 | 0 |
_aAplicación práctica de judo / _cMario López Dominguez. |
| 260 |
_aBarcelona (España) : _bEditorial Ramos-Majos, _c1981. |
||
| 300 |
_a217 p. : _bil. ; _c22 cm. |
||
| 650 | 4 |
_aJudo _944470 |
|
| 650 | 4 |
_aDefensa personal _920936 |
|
| 650 | 4 |
_aKarate _920935 |
|
| 049 | _aBNGR | ||
| 999 |
_c20782 _d20782 |
||